Anaerobic biotechnology : for industrial wastewaters

Αποθηκεύτηκε σε:
Λεπτομέρειες βιβλιογραφικής εγγραφής
Κύριος συγγραφέας: Speece, Richard E.
Μορφή: Βιβλίο
Γλώσσα:English
Δημοσίευση: Nashville, Tenn. : Archae Press, 1996
Θέματα:
Ετικέτες: Προσθήκη ετικέτας
Δεν υπάρχουν, Καταχωρήστε ετικέτα πρώτοι!

MARC

LEADER 00000nam a2200000 i 4500
001 1/33515
008 030304s1996 eng d
020 |a 0-9650226-0-9 
035 |l 10069527 
040 |a GR-MY-UA  |b gre  |e aacr 
041 0 |a eng 
082 0 |a 660.6  |2 (21) 
100 1 |a Speece, Richard E. 
245 1 0 |a Anaerobic biotechnology :  |b for industrial wastewaters /  |c R. E. Speece 
260 |a Nashville, Tenn. :   |b Archae Press,   |c 1996 
300 |a xxvii, 394 σ.;  |b εικ., πιν., διαγρ.;  |c 24 εκ. 
504 |a Περιέχει βιβλιογραφία και ευρετήρια 
650 0 0 |a Biotechnology. 
650 0 0 |a Factory and trade waste. 
650 0 0 |a Environmental engineering. 
650 0 0 |a Environmental protection. 
650 0 0 |a Anaerobic bacteria. 
852 |a INST  |b LESVOS  |e 20030304  |h 660.6 SPE  |p 005100026895  |q 005100026895  |t BK  |y 0 
901 |a BIBL1-2003-2 
909 |a Λ  |b 104208 
922 |a 1ΕΛΗ  |b 200302  |c ΕΠΕΑΕΚ2/ΤΠ  |d ΠΑΠΑΣΩΤΗΡΙΟΥ & ΕΛΕΥΘΕΡΟΥΔΑΚΗΣ 
950 |a 107-2002-10-01 
970 |a ΧΡΙΣΤΟΦΑ  |b ΝΙΚΗ  |z 2003/08/01